Implementing sustainable development / experiences and recommendations from National and Regional Consultations for the Rio+5 Forum /
Guardado en:
| 格式: | 圖書 |
|---|---|
| 語言: | Spanish |
| 出版: |
San José, Costa Rica:
Earth Council,
1997
|
| 版: | 2° edición |
| 標簽: |
添加標簽
沒有標簽, 成為第一個標記此記錄!
|
MARC
| LEADER | 00000nam a22000007a 4500 | ||
|---|---|---|---|
| 003 | cru CIDCACS/IIS | ||
| 005 | 20190207113122.0 | ||
| 007 | ta | ||
| 008 | 190207s1997 cr |||||r|||||||| ||spa d | ||
| 999 | |c 42162 |d 42162 | ||
| 040 | |a cru CIDCACS/IIS | ||
| 090 | |a 16.01.01 E13i | ||
| 245 | 0 | |a Implementing sustainable development / |b experiences and recommendations from National and Regional Consultations for the Rio+5 Forum / |c compiled and published by the Earth Council | |
| 250 | |a 2° edición | ||
| 260 | |a San José, Costa Rica: |b Earth Council, |c 1997 | ||
| 300 | |a 133 páginas | ||
| 942 | |2 ddc |c LI | ||
